| 000 | 01692nam a2200277 a 4500 | ||
|---|---|---|---|
| 001 | BRCA_2395 | ||
| 005 | 20190320203804.0 | ||
| 008 | 111108s1617----be-#---###---#000-0#spa-u | ||
| 041 | _aspa | ||
| 044 | _abe | ||
| 084 |
_a036 _b.H87 _c1617 |
||
| 100 | 1 |
_aCervantes Saavedra, Miguel de _d1547-1616 _9213 |
|
| 245 | 1 | 0 |
_aPrimera parte del Ingenioso Hidalgo Don Quixote de la Mancha _bdirigido al Duque de Béjar Marqués de Gibraleón, Conde de Benalcazar y Bañares, Vizconde de la Puebla de Alcocer, Señor de las villas de Capilla, Curiel y Burguillos _ccompuesto por Miguel de Cervantes Saavedra. |
| 260 |
_aBruselas _bHumberto Antonio _c1617 |
||
| 300 |
_a1 v. (en varias paginaciones) _c18 cm. |
||
| 500 | _aContenido : Dedicatoria del autor al Duque de Béjar. Prólogo del autor. Versos preliminares con exepción del soneto de Solisdán. Texto. Privilegio de los Príncipes Alberto e Isabel Clara Eugenia | ||
| 500 | _aReimpresión exacta de la primera parte de la edición bruselense, publicada en 1611 que, a su vez, es la copia exacta (con algunas erratas) de la edición del año de 1607, del mismo editor. Lindo ejemplar, encuadernado en fina piel roja, corte y filetes dorados. En la portada tiene borradas las siguientes palabras del título: La primera parte Lúdovik Osterc | ||
| 500 | _aCon ex-libris de : C. H. S. John Hornby | ||
| 650 | 1 | 4 |
_aNovela española _yÉpoca clásica, 1500-1700 _9215 |
| 650 | 1 | 4 |
_aLiteratura española _yÉpoca clásica, 1500-1700 _9216 |
| 650 | 1 | 4 |
_aNovela española _ySiglo XVII _9217 |
| 650 | 1 | 4 |
_aDon Quijote (Personaje ficticio) _eNovela _9218 |
| 740 | 0 | _aEl Ingenioso Hidalgo Don Quijote de la Mancha | |
| 902 | _aQFM | ||
| 942 |
_2lcc _cB |
||
| 999 |
_c2136 _d2136 |
||